00754nam a2200229 a 450000100060000000300080000600500170001400800410003103500190007204000260009104100080011708200250012510000310015024500520018126000750023330000270030849000420033550400360037760000310041365000380044483000420048261302BD-RjUL20211209080938.0170117s1952 nz a 001 0beng d a(BD-RjUL)61426 aBD-RjULbengcBD-RjUL aeng 223a370.92bROG 19521 aRoth, Herbert Otto,d1917-10aGeorge Hogben :ba biography /cby Herbert Roth aWellington, N.Z :bNew Zealand Council for Educational Research,c1952 a162 p :bill. ;c23 cm1 aEducational research series ;vno. 33 aIncludes bibliography and index10aHogben, George,d1853-1920 0aEducatorszNew ZealandxBiography 0aEducational research series ;vno. 33